Normal view
MARC view
- Fernández, Ana Lía
Entry Nombre Personal
001 - NUMERO DE CONTROL
- campo de control: 43258
003 - IDENTIFICADOR DE NUMERO DE CONTROL
- campo de control: UPN
005 - FECHA Y HORA DE LA ÜLTIMA TRANSACCIÓN
- campo de control: 20210219194628.0
008 - DATOS DE LONGITUD FIJA
- campo de control de longitud fija: nabaccnnaabn|||||||||| b |nc|||||d
035 ## - NUMERO DE CONTROL
- Número de control: UPN11000015365
040 ## - FUENTE DE CATALOGACIÓN
- Lenguaje de catalogación: SPA
- Agencia de transcripción: UPN
100 1# - ENCABEZAMIENTO - NOMBRE PERSONAL
- Nombre personal: Fernández, Ana Lía
670 ## - FUENTE EN LA QUE SE LOCALIZARON DATOS
- Cita de la fuente: T
- Uniform Resource Identifier: https://ar.linkedin.com/in/ana-lia-fernandez-38843327
680 ## - NOTA PUBLICA DE ACCESO PÚBLICO
- Frase explicativa de la referencia: Docente Argentina. Profra. de Enseñanza Primaria y de Historia en la Universidad de Morón, Argentina. Doc. en Educación (Cum Laude 2010). Antropología Cultural en el Museo Nacional de Historia y Antropología (México)
902 ## - CATALOGADOR
- Catalogador: EMR/11022020
